Science Quiz

Random Science or Chemistry Quiz
Score 0/118 Timer 08:00
0 Plays Today
Symbol Element Name % Correct
????
100%
????
99.4%
????
97.4%
????
96.6%
????
96.6%
????
96.2%
????
96%
????
95.7%
????
95.1%
????
94.7%
????
94.5%
????
94.1%
????
92.4%
????
91.5%
????
90.9%
????
89.4%
????
88.3%
????
87.3%
????
86.1%
????
84.4%
????
83.7%
????
82.2%
????
81.1%
????
78.8%
????
78%
????
77%
????
76.2%
????
75.3%
????
74.8%
????
73.6%
????
72.5%
????
70.5%
????
67.6%
????
66.8%
????
65.2%
????
64.2%
????
63.2%
????
62.3%
????
60.4%
????
59.5%
Symbol Element Name % Correct
????
57.6%
????
56.2%
????
54.2%
????
53.1%
????
52.4%
????
52.1%
????
50.4%
????
49.5%
????
48.5%
????
47.8%
????
46.6%
????
45.9%
????
45.1%
????
43.5%
????
41.6%
????
40.8%
????
39.9%
????
39%
????
38.5%
????
37.8%
????
37%
????
36.4%
????
36%
????
35.2%
????
34.4%
????
32.9%
????
31.9%
????
30.8%
????
29.7%
????
29.1%
????
27.5%
????
26.9%
????
26.3%
????
25.7%
????
24.9%
????
24.3%
????
23.7%
????
23.2%
????
22.5%
????
22%
Symbol Element Name % Correct
????
21.5%
????
21%
????
20.6%
????
20.1%
????
18.2%
????
17%
????
16.6%
????
16.4%
????
16.3%
????
15.7%
????
15.5%
????
14.5%
????
13.9%
????
13.9%
????
13.7%
????
13.1%
????
12.8%
????
12.5%
????
12.2%
????
11.9%
????
11.8%
????
11.5%
????
11.3%
????
11.1%
????
10.5%
????
10%
????
9.8%
????
9.5%
????
9.3%
????
9.2%
????
8.9%
????
8.7%
????
8.6%
????
8.1%
????
7.9%
????
7.5%
????
7%
????
6.5%

You're not logged in!

Compare scores with friends on all Sporcle quizzes.
OR
Log In

Sporcle TV

Today on Sporcle TV


Watch our educational content, quiz creation guides, and fun videos on Sporcle TV.

Show Comments

Extras

Top Quizzes Today


Score Distribution

Your Account Isn't Verified!

In order to create a playlist on Sporcle, you need to verify the email address you used during registration. Go to your Sporcle Settings to finish the process.

Report this User

Report this user for behavior that violates our Community Guidelines.

Details: